-
Stead, W. Edward & Stead, Jean Garner
Entry Personal Name
Number of records used in: 1
001 - CONTROL NUMBER
003 - CONTROL NUMBER IDENTIFIER
005 - DATE AND TIME OF LATEST TRANSACTION
- control field:
20180821125144.0
008 - FIXED-LENGTH DATA ELEMENTS
- fixed length control field:
180821|| aca||aabn | a|a d
040 ## - CATALOGING SOURCE
- Original cataloging agency:
OSt
- Transcribing agency:
OSt
100 ## - HEADING--PERSONAL NAME
- Personal name:
Stead, W. Edward & Stead, Jean Garner
670 ## - SOURCE DATA FOUND
- Source citation:
Work cat.: (OSt)2803: Stead, W. Edward & Stead, Jean Garner, Sustainable Strategic Mgt., 2004